His Spirit First (Record no. 17846)
[ view plain ]
| 000 -LEADER | |
|---|---|
| fixed length control field | 00594nam a2200241 a 4500 |
| 020 ## - INTERNATIONAL STANDARD BOOK NUMBER | |
| ISBN | 0836113993 |
| 082 00 - DEWEY DECIMAL CLASSIFICATION NUMBER | |
| Classification number | 266 |
| Author Cutter | SHA |
| 100 ## - MAIN ENTRY--AUTHOR NAME | |
| Author name | Shank, David A |
| 245 ## - TITLE STATEMENT | |
| Title | His Spirit First |
| 260 ## - PUBLICATION, DISTRIBUTION, ETC. (IMPRINT) | |
| Place of publication | Ontario |
| Name of publisher | Herald Press |
| Year of publication | 1971 |
| 300 ## - PHYSICAL DESCRIPTION | |
| Number of Pages | 65p |
| 500 ## - GENERAL NOTE | |
| General note | includes index and biblioraphy |
| 505 2# - FORMATTED CONTENTS NOTE | |
| Formatted contents note | Index, Index of Biblical Citations |
| 650 ## - SUBJECT ADDED ENTRY--TOPICAL TERM | |
| Topical Term | Church-Mission |
| 942 ## - ADDED ENTRY ELEMENTS (KOHA) | |
| Koha item type | Books |
| 700 1# - | |
| -- | Shank, David A |
| Collection code | Home library | Current library | Date acquired | Cost, normal purchase price | Full call number | Accession Number | Koha item type |
|---|---|---|---|---|---|---|---|
| Henry Martyn Institute Library | Henry Martyn Institute Library | 08/02/2005 | 0.00 | 266 SHA | 11001546 | Books |
